Trịnh Công Sơn : Tuyển tập những bài ca không năm tháng
Uloženo v:
| Hlavní autor: | |
|---|---|
| Médium: | Kniha |
| Jazyk: | Undetermined |
| Vydáno: |
Thành phố Hồ Chí Minh
Âm Nhạc
1998
|
| Témata: | |
| Tagy: |
Přidat tag
Žádné tagy, Buďte první, kdo otaguje tento záznam!
|
| Thư viện lưu trữ: | Trung tâm Học liệu Trường Đại học Cần Thơ |
|---|
| LEADER | 00600nam a2200205Ia 4500 | ||
|---|---|---|---|
| 001 | CTU_95633 | ||
| 008 | 210402s9999 xx 000 0 und d | ||
| 020 | |c 70000 | ||
| 082 | |a 783.632 | ||
| 082 | |b S464 | ||
| 100 | |a Trịnh, Công Sơn | ||
| 245 | 0 | |a Trịnh Công Sơn : | |
| 245 | 0 | |b Tuyển tập những bài ca không năm tháng | |
| 245 | 0 | |c Trịnh Công Sơn | |
| 260 | |a Thành phố Hồ Chí Minh | ||
| 260 | |b Âm Nhạc | ||
| 260 | |c 1998 | ||
| 650 | |a Songs, vietnamese | ||
| 904 | |i Minh,Hải | ||
| 980 | |a Trung tâm Học liệu Trường Đại học Cần Thơ | ||